000 00387nam a2200133Ia 4500
005 20260328101443.0
008 260328s9999||||xx |||||||||||||| ||und||
100 _aHardoy, Jorge E.
245 0 _aLas Ciudades en América Latina :
_b Seis ensayos sobre la Urbanización Contemporánea /
_cJorge E. Hardoy
260 _bPaidós
300 _a244 p.
650 _aDISEÑO URBANO
942 _cBK
999 _c8363
_d8363